000 01211nam0a22002891 4500
001 v19\rc\1521218
005 20260406165944.0
035 _a(NLR Aleph) 005212465
090 _a5422748
_c5422748
100 _a20060620d1899 |||y0rusy50 ca
101 0 _arus
102 _aRU
105 _ay z |||||
200 1 _aТифф и его друзья
_eСост. по роману Бичер-Стоу "Жизнь Южных штатов", для детей сред. возраста
_f[Соч.] А.В. Архангельской
205 _a[1-е изд.]
210 _aМосква
_cтип. А.А. Левенсон
_d1899
215 _a126 с.
_d17
500 1 0 _6z01702
_aЖизнь Южных штатов
_2nlr_sh2
700 1 _7ca
_8rus
_aАрхангельская
_bА. В.
_cписатель
_f19 в.
_gАлександра Васильевна
_985328
_3RU\NLR\AUTH\77102402
702 1 _7ca
_8rus
_aБичер-Стоу
_bГ.
_f1811-1896
_gГарриет
_9122331
_3RU\NLR\AUTH\7712620
801 0 _aRU
_bNLR
_c20060620
_gpsbo
801 0 _aRU
_bRuMoRGB
_c20060620
_2psbo
801 1 _aRU
_bProSoft-M
_c20060620
_2rusmarc
801 2 _aRU
_bNLR
_c20121012
_2rusmarc
852 _aNLR
_j18.62.9.33
942 _cBOOK
980 _aNB